Largest Suburbs of Baltimore - Statistics

General Stats
  • This quiz has been taken 50 times
  • The average score is 8 of 15
Answer Stats
Suburb Population County % Correct
Columbia 104,681 Howard
97%
Towson 59,553 Baltimore
87%
Annapolis 40,812 Anne Arundel
77%
Ellicott City 75,947 Howard
77%
Dundalk 67,796 Baltimore
69%
Glen Burnie 72,891 Anne Arundel
59%
Catonsville 44,701 Baltimore
56%
Owings Mills 35,674 Baltimore
51%
Severn 57,118 Anne Arundel
41%
Pikesville 34,168 Baltimore
36%
Bel Air South 57,648 Harford
33%
Essex 40,505 Baltimore
33%
Severna Park 39,933 Anne Arundel
31%
Odenton 42,947 Anne Arundel
26%
Woodlawn 39,986 Baltimore
21%
No matching quizzes found
Score Distribution
Percent of People with Each Score
Percentile by Number Answered
Your Score History
You have not taken this quiz